Fr. Conceicao Rodrigues College of Engineering

Database system concepts (Record no. 30137)

MARC details
000 -LEADER
fixed length control field 00319nam a2200145Ia 4500
082 ## - DEWEY DECIMAL CLASSIFICATION NUMBER
Classification number 5.74
Item number KOR
100 ## - MAIN ENTRY--PERSONAL NAME
Personal name Korth/ H.F./ Silberschatz/ A
245 ## - TITLE STATEMENT
Title Database system concepts
260 ## - PUBLICATION, DISTRIBUTION, ETC.
Name of publisher, distributor, etc. McGraw - Hill
Date of publication, distribution, etc. 2002
300 ## - PHYSICAL DESCRIPTION
Extent 1064
546 ## - LANGUAGE NOTE
Language note ENGLISH
654 ## - SUBJECT ADDED ENTRY--FACETED TOPICAL TERMS
Focus term database system
942 ## - ADDED ENTRY ELEMENTS (KOHA)
Koha item type BOOK
Holdings
Withdrawn status Lost status Damaged status Not for loan Collection Home library Current library Date acquired Total Checkouts Total Renewals Full call number Barcode Date due Date last seen Date last checked out Price effective from Koha item type
        CRC Fr. Agnel's C.Rodrigues College of Engineering AGNEL TECHNICAL COLLEGE LIBRARY 17/03/2023 1 1 5.74 KOR 14326   18/03/2026 20/02/2026 17/03/2023 BOOK
        CRC Fr. Agnel's C.Rodrigues College of Engineering Fr. Agnel's C.Rodrigues- College of Engineering 17/03/2023 1 2 5.74 KOR 14325 07/12/2023 12/06/2023 12/06/2023 17/03/2023 BOOK